000 00578nam a2200229Ia 4500
008 210210b2010 xxu||||| |||| 00| 0 eng d
020 _a9789380578019
041 _aeng
082 _a576.163028 GARL
100 _aGARG (Neelima)
245 _aLaboratory manual of food microbiology
260 _aNew Delhi
_bI.K. International Pub. House Pvt. Ltd.
_c2010
300 _aviii,200
650 _aof
650 _amicrobiology
650 _amanual
650 _aLaboratory
650 _afood
690 _aFood Microbiology
700 _aGARG (K L)
906 _a064742
999 _c141696
_d141696